00359nam a2200145Ia 4500008004100000020001500041041001200056082001600068100001700084245004100101250000800142260003700150300000800187650001800195221030s9999 xx 000 0 und d a8125912754 aEnglish a105.23bKal aS. Kalavathy 0aOperations Researchcby S. Kalavathy a2nd bVikas Pub HouseaNew Delhic2005 a536 aBE Management